000 01378ngm a22003970a 4500
001 PT15504
003 AR-LpoUNG
005 20210202000148.0
007 vd cvaizq
008 191001s1987||||ag |||||||||||||||||spa d
037 _c$11.66
040 _aAR-LpoUNG
_bspa
_cAR-LpoUNG
_eaacr
041 _aspa
044 _aag
082 0 _a982.064 924ban
100 1 _aFernández Moujan, Alejandro
_edir.
245 1 0 _aBanderas de humo :
_bdocumental sobre la situación y la lucha de los trabajadores del Ingenio Las Palmas
260 _aBuenos Aires :
_bBlackman,
_c1987.
300 _aVHS (48 min.) : son., col.
505 0 _aPertenece a la colección editorial Los temas de nuestro tiempo
520 _aAnaliza la situación y la lucha de los trabajadores del Ingenios Las Palmas en la provincia del Chaco. En 1988, los obreros y empleados acompañados por sus familias y pobladores de los pueblos de Las Palmas y la Leonesa, decidieron emprender la lucha de la recuperación del Ingenio.
650 4 _aARGENTINA
650 4 _aAZUCAR
650 4 _aDESEMPLEADOS
650 4 _aDESEMPLEO
650 4 _aHISTORIA
650 4 _aINDUSTRIA AZUCARERA
650 4 _aINGENIOS AZUCAREROS
650 4 _aTRABAJADORES
650 4 _aTRABAJADORES RURALES
650 4 _aTRABAJO
653 _aDOCUMENTALES
653 _aVIDEOS
905 _a15504
942 _cVIDEO
999 _c54234
_d54234